000 02046nam0a2200373 4500
001 RU\NLR\bibl\1458552
005 20260405100850.0
010 _a978-5-7695-6565-6
_91500
021 _aRU
_b2009-91735
_95798
035 _a(NLR Aleph) 001450332
090 _a1519034
_c1519034
100 _a20100111d2010 |||y0rusy50 ca
101 0 _arus
102 _aRU
105 _aa |||||||||
200 1 _aМедицинская и санитарная микробиология
_eучебное пособие по микобиологии, вирусологии, иммунологии для студентов медицинских вузов
_fА.А. Воробьев, Ю.С. Кривошеин, В.П. Широбоков
205 _a4-е изд., стер.
210 _aМосква
_cАкадемия
_d2010
215 _a461, [1] с., [8] л. цв. ил.
_cил.
_d22
225 1 _aВысшее профессиональное образование
_iМедицина
606 1 _aМедицинская микробиология
_jУчебные издания для высших учебных заведений
_91087294
_3RU\NLR\auth\66106986
606 1 _aСанитарная микробиология
_jУчебные издания для высших учебных заведений
_91261798
_3RU\NLR\auth\66200614
606 1 _aМикробиологическая диагностика
_jУчебные издания для высших учебных заведений
_9969455
_3RU\NLR\auth\6644512
686 _aР26я73
686 _aР120.06я73
686 _aР346я73
700 1 _4070
_7ca
_8rus
_aВоробьев
_bА. А.
_cд-р мед. наук
_f1923-2006
_gАнатолий Андреевич
_919931
_3RU\NLR\auth\7736942
701 1 _aКривошеин
_bЮ. С.
_gЮрий Семенович
_4070
701 1 _aШиробоков
_bВ. П.
_gВладимир Павлович
_4070
801 0 _aRU
_bNLR
_c20100111
_gRCR
801 1 _aRU
_bNLR
_c20100111
942 _cBOOK
980 _aNB